| 000 -ლიდერი |
| ფიქსირებული სიგრძის საკონტროლო ველი |
00654nam a22001817a 4500 |
| 003 - საკონტროლო ნომრის იდენტიფიკატორი |
| საკონტროლო ველი |
Ge_BSU |
| 005 - ბოლო ოპერაციის თარიღი და დრო |
| საკონტროლო ველი |
20200117151750.0 |
| 008 - ფიქსირებული სიგრძის მონაცემთა ელემენტები - ზოგადი ინფორმაცია |
| ფიქსირებული სიგრძის საკონტროლო ველი |
200117s2008 ||||| |||| 00| 0 geo d |
| 041 ## - ენის კოდი |
| Language code of text/sound track or separate title |
geo |
| 080 ## - უნივერსალური ათობითი კლასიფიკაციის ინდექსი |
| Universal Decimal Classification number |
81'374.822=353.1=222 ლ-32 |
| 100 ## - მთავარი ჩანაწერი - პიროვნების სახელი |
| Personal name |
ლაჩინანი, ნუგზარ. |
| 9 (RLIN) |
6211 |
| 245 ## - ცნობა სათაურის შესახებ |
| Title |
ქართულ-სპარსული ლექსიკონი / |
| Statement of responsibility, etc |
ნუგზარ ლაჩინანი. |
| 264 ## - წარმოების, გამოცემის, დისტრიბუციის და სხვა ცნობები |
| გამოცემის, წარმოების, დისტრიბუციის... ადგილი |
თბილისი , |
| გამოცემის, წარმოების, დისტრიბუციის... თარიღი |
2008. |
| 300 ## - ფიზიკური აღწერა |
| Extent |
872 გვ.: |
| Dimensions |
25 სმ. |
| 505 ## - FORMATTED CONTENTS NOTE |
| Formatted contents note |
ბიბლ. გვ. 870-871 |
| 653 ## - INDEX TERM--UNCONTROLLED |
| Uncontrolled term |
სპარსული ლექსიკონი |
| 942 ## - ADDED ENTRY ELEMENTS (KOHA) |
| Source of classification or shelving scheme |
|
| Koha item type |
წიგნი |